Hướng dẫn chẩn đoán điều trị bệnh trẻ em
Cuốn sách góp phần nâng cao chất lượng khám, chữa bệnh của Bệnh viện Nhi Trung ương. Nội dung cuốn sách bao gồm những bệnh thường gặp và cấp cứu ở trẻ em, được sắp xếp theo chuyên khoa. Các bài do tập thể các giáo sư, tiến sĩ, thạc...
محفوظ في:
| المؤلف الرئيسي: | |
|---|---|
| مؤلفون آخرون: | |
| التنسيق: | كتاب |
| اللغة: | Vietnamese |
| منشور في: |
H.
Y học
2015
|
| الطبعة: | Tái bản lần thứ ba, có sửa chữa và bổ sung |
| الموضوعات: | |
| الوسوم: |
إضافة وسم
لا توجد وسوم, كن أول من يضع وسما على هذه التسجيلة!
|
| Thư viện lưu trữ: | Thư viện Trường Đại học Nam Cần Thơ |
|---|
| LEADER | 01730nam a22002297a 4500 | ||
|---|---|---|---|
| 001 | NCT_30866 | ||
| 008 | 180417b xxu||||| |||| 00| 0 vie d | ||
| 999 | |c 1485 |d 1485 | ||
| 020 | |a 9786046613800 |c 258000 | ||
| 082 | 0 | 4 | |2 23rd ed. |a 618.92 |b Kh107 |
| 100 | 1 | |a Nguyễn Công Khanh |e Chủ biên | |
| 245 | 1 | 0 | |a Hướng dẫn chẩn đoán điều trị bệnh trẻ em |c Nguyễn Công Khanh, Lê Thanh Hải |
| 250 | |a Tái bản lần thứ ba, có sửa chữa và bổ sung | ||
| 260 | |a H. |b Y học |c 2015 | ||
| 300 | |a 708tr. |c 24cm | ||
| 520 | 3 | |a Cuốn sách góp phần nâng cao chất lượng khám, chữa bệnh của Bệnh viện Nhi Trung ương. Nội dung cuốn sách bao gồm những bệnh thường gặp và cấp cứu ở trẻ em, được sắp xếp theo chuyên khoa. Các bài do tập thể các giáo sư, tiến sĩ, thạc sĩ, bác sĩ chuyên khoa viết. Kỹ thuật chẩn đoán, điều trị ngày càng tiến bộ, các bài viết cố gắng cập nhật các tiến bộ khoa học kỹ thuật, song cũng vận dụng cho thích hợp thực tiễn hiện nay. | |
| 653 | |a Y đa khoa | ||
| 700 | 1 | |a Lê Thanh Hải |e Chủ biên | |
| 942 | |2 ddc |c BK | ||
| 952 | |0 0 |1 0 |2 ddc |4 0 |6 618_920000000000000_KH107 |7 0 |9 7125 |a 000001 |b 000001 |d 2018-04-17 |l 2 |o 618.92 Kh107 |p MD.11068 |r 2019-05-08 |s 2019-04-26 |v 258000.00 |w 2018-04-17 |y BK | ||
| 952 | |0 0 |1 0 |2 ddc |4 0 |6 618_920000000000000_KH107 |7 0 |9 7126 |a 000001 |b 000001 |d 2018-04-17 |o 618.92 Kh107 |p MD.11539 |r 2018-04-17 |v 258000.00 |w 2018-04-17 |y BK | ||
| 980 | |a Thư viện Trường Đại học Nam Cần Thơ | ||


